| 000 | 00967nam a22002177a 4500 | ||
|---|---|---|---|
| 999 |
_c3734 _d3734 |
||
| 003 | OSt | ||
| 005 | 20241004095008.0 | ||
| 008 | 241004b ||||| |||| 00| 0 eng d | ||
| 020 | _a9780008638733 | ||
| 040 | _cKH8 | ||
| 082 | _aFIC MOR | ||
| 100 |
_aMorpurgo, Michael, _eauthor. |
||
| 245 |
_aAlone on a Wide Wide Sea / _cMichael Morpurgo. |
||
| 260 |
_aLondon ; _bHarperCollins Children's Book , _c2024. |
||
| 300 |
_a312 pages: _billustrations (black and white), maps (black and white) : _c20 cm. |
||
| 520 | _aow far would you go to find yourself? When orphaned Arthur Hobhouse is shipped to Australia after WWII, he loses his sister, his country and everything he knows. The coming years test him to his limits, as he endures mistreatment, neglect & forced labour in the Australian outback. But Arthur is saved by his love of the sea | ||
| 650 | _a Australia Juvenile fiction | ||
| 650 | _aChildren's stories | ||
| 650 | _aGeneral Stories | ||
| 942 |
_2ddc _cFIC |
||